<?xml version="1.0" encoding="UTF-8"?>
<record
    xmlns:xsi="http://www.w3.org/2001/XMLSchema-instance"
    xsi:schemaLocation="http://www.loc.gov/MARC21/slim http://www.loc.gov/standards/marcxml/schema/MARC21slim.xsd"
    xmlns="http://www.loc.gov/MARC21/slim">

  <leader>00589nam a2200193   4500</leader>
  <controlfield tag="003">SEACOMEC</controlfield>
  <controlfield tag="005">20240829131637.0</controlfield>
  <controlfield tag="008">240829b        |||||||| |||| 00| 0 eng d</controlfield>
  <datafield tag="020" ind1=" " ind2=" ">
    <subfield code="a">978-0596527327</subfield>
    <subfield code="c">500.00</subfield>
  </datafield>
  <datafield tag="040" ind1=" " ind2=" ">
    <subfield code="a">SEACOMEC</subfield>
  </datafield>
  <datafield tag="082" ind1=" " ind2=" ">
    <subfield code="a">006.74</subfield>
    <subfield code="b">M985</subfield>
  </datafield>
  <datafield tag="100" ind1=" " ind2=" ">
    <subfield code="a">Musciano,  Chuck </subfield>
  </datafield>
  <datafield tag="245" ind1=" " ind2=" ">
    <subfield code="a">HTML &amp; Xhtml</subfield>
    <subfield code="b">: The Definitive Guide </subfield>
    <subfield code="c">Chuck Musciano and  Bill Kennedy </subfield>
  </datafield>
  <datafield tag="250" ind1=" " ind2=" ">
    <subfield code="a">6th ed</subfield>
  </datafield>
  <datafield tag="260" ind1=" " ind2=" ">
    <subfield code="a">Navi Mumbai</subfield>
    <subfield code="b">Shroff</subfield>
    <subfield code="c">2006</subfield>
  </datafield>
  <datafield tag="300" ind1=" " ind2=" ">
    <subfield code="a">678p</subfield>
    <subfield code="c">17.78 x 3.81 x 23.34 cm</subfield>
  </datafield>
  <datafield tag="650" ind1=" " ind2=" ">
    <subfield code="a">HTML (Computer program language) | XHTML (Computer program language)</subfield>
  </datafield>
  <datafield tag="942" ind1=" " ind2=" ">
    <subfield code="c">BOOK</subfield>
  </datafield>
  <datafield tag="952" ind1=" " ind2=" ">
    <subfield code="0">0</subfield>
    <subfield code="1">0</subfield>
    <subfield code="2">ddc</subfield>
    <subfield code="4">0</subfield>
    <subfield code="7">0</subfield>
    <subfield code="a">SEACOMEC</subfield>
    <subfield code="b">SEACOMEC</subfield>
    <subfield code="d">2007-06-11</subfield>
    <subfield code="l">0</subfield>
    <subfield code="o">006.74 M985</subfield>
    <subfield code="p">6973</subfield>
    <subfield code="r">2024-08-29 13:17:09</subfield>
    <subfield code="w">2024-08-29</subfield>
    <subfield code="y">BOOK</subfield>
  </datafield>
  <datafield tag="952" ind1=" " ind2=" ">
    <subfield code="0">0</subfield>
    <subfield code="1">0</subfield>
    <subfield code="2">ddc</subfield>
    <subfield code="4">0</subfield>
    <subfield code="7">0</subfield>
    <subfield code="a">SEACOMEC</subfield>
    <subfield code="b">SEACOMEC</subfield>
    <subfield code="d">2007-06-11</subfield>
    <subfield code="l">0</subfield>
    <subfield code="o">006.74 M985</subfield>
    <subfield code="p">6974</subfield>
    <subfield code="r">2024-08-29 13:17:09</subfield>
    <subfield code="t">1</subfield>
    <subfield code="w">2024-08-29</subfield>
    <subfield code="y">BOOK</subfield>
  </datafield>
  <datafield tag="952" ind1=" " ind2=" ">
    <subfield code="0">0</subfield>
    <subfield code="1">0</subfield>
    <subfield code="2">ddc</subfield>
    <subfield code="4">0</subfield>
    <subfield code="7">0</subfield>
    <subfield code="a">SEACOMEC</subfield>
    <subfield code="b">SEACOMEC</subfield>
    <subfield code="d">2007-06-11</subfield>
    <subfield code="l">0</subfield>
    <subfield code="o">006.74 M985</subfield>
    <subfield code="p">6975</subfield>
    <subfield code="r">2024-08-29 13:17:09</subfield>
    <subfield code="t">2</subfield>
    <subfield code="w">2024-08-29</subfield>
    <subfield code="y">BOOK</subfield>
  </datafield>
  <datafield tag="952" ind1=" " ind2=" ">
    <subfield code="0">0</subfield>
    <subfield code="1">0</subfield>
    <subfield code="2">ddc</subfield>
    <subfield code="4">0</subfield>
    <subfield code="7">0</subfield>
    <subfield code="a">SEACOMEC</subfield>
    <subfield code="b">SEACOMEC</subfield>
    <subfield code="d">2007-06-11</subfield>
    <subfield code="l">0</subfield>
    <subfield code="o">006.74 M985</subfield>
    <subfield code="p">6976</subfield>
    <subfield code="r">2024-08-29 13:17:09</subfield>
    <subfield code="t">3</subfield>
    <subfield code="w">2024-08-29</subfield>
    <subfield code="y">BOOK</subfield>
  </datafield>
  <datafield tag="952" ind1=" " ind2=" ">
    <subfield code="0">0</subfield>
    <subfield code="1">0</subfield>
    <subfield code="2">ddc</subfield>
    <subfield code="4">0</subfield>
    <subfield code="7">0</subfield>
    <subfield code="a">SEACOMEC</subfield>
    <subfield code="b">SEACOMEC</subfield>
    <subfield code="d">2007-06-11</subfield>
    <subfield code="l">0</subfield>
    <subfield code="o">006.74 M985</subfield>
    <subfield code="p">6977</subfield>
    <subfield code="r">2024-08-29 13:17:09</subfield>
    <subfield code="t">4</subfield>
    <subfield code="w">2024-08-29</subfield>
    <subfield code="y">BOOK</subfield>
  </datafield>
  <datafield tag="999" ind1=" " ind2=" ">
    <subfield code="c">1664</subfield>
    <subfield code="d">1664</subfield>
  </datafield>
</record>
